ARRUPE JESUIT UNIVERSITY

CORONAVIRUS -STOP THE SPREAD - CLEAN,DISINFECT,COVER
Normal view MARC view

Entry Topical Term

Number of records used in: 1

001 - CONTROL NUMBER

  • control field: 46040

003 - CONTROL NUMBER IDENTIFIER

  • control field: ARRUPE

005 - DATE AND TIME OF LATEST TRANSACTION

  • control field: 20190426125427.0

008 - FIXED-LENGTH DATA ELEMENTS

  • fixed length control field: 190426|| aca||aabn | a|a d

040 ## - CATALOGING SOURCE

  • Original cataloging agency: ARRUPE
  • Transcribing agency: ARRUPE

150 ## - HEADING--TOPICAL TERM

  • Topical term or geographic name as entry element: Education
  • Geographic subdivision: Belgium

670 ## - SOURCE DATA FOUND

  • Source citation: Work cat.: (ARRUPE): De Pauw , Gommar A 46038, The educational rights of the church and elementary schools in Belgium, 1953.

 

Arrupe Library. PO Box MP320 Mt Pleasant, Harare, Zimbabwe
263 242 745411|librarian@aju.ac.zw